Evropská nová pravice : proti liberalismu a egalitářství /

Saved in:
Bibliographic Details
Main Author: Sunić, Tomislav, 1953- (Author, Author of introduction, etc.)
Other Authors: Šebesta, Ivan (Translator, Author of introduction, etc.)
Format: Book
Language:Czech
Published: Zvolen : Sol Noctis, 2019
Edition:Vydání první
Subjects:
ISBN:9788097329228
Online Access: Get full text
Tags: Add Tag
No Tags, Be the first to tag this record!

MARC

LEADER 00000nam a2200000 4500
003 SK-BrCVT
005 20220621184039.0
006 aa e 000 0d
008 190702s2019 xo a e 000 0dcze#d
020 |a 9788097329228   |q (viaz.) 
035 |a CVTIDW0071353 
040 |a SNK  |b slo  |c CVT  |e rda  |d CVTI SR 
041 0 |a cze 
044 |a xo  |c SK 
080 |a 329  |2 2008 
100 1 |a Sunić, Tomislav,  |d 1953-  |4 aut  |4 aui 
240 0 0 |a Against democracy and equality: The European new right  |l Česky 
245 1 0 |a Evropská nová pravice :  |b proti liberalismu a egalitářství /  |c Tomislav Sunić ; [přeložil: Ivan Šebesta ; předmluva k českému vydání: Ivan Šebesta ; předmluva k třetímu vydání: Tomislav Sunić] 
250 |a Vydání první 
260 |a Zvolen :  |b Sol Noctis,  |c 2019 
300 |a 285 s. :  |b lit., obr. ;  |c 22 cm 
336 |a text  |b txt  |2 rdacontent 
337 |a bez média  |b n  |2 rdamedia 
338 |a zväzok  |b nc  |2 rdacarrier 
653 1 |a politická strana 
653 1 |a politické hnutie 
655 7 |a odborné publikácie  |2 SNKPH 
700 1 |a Šebesta, Ivan  |4 trl  |4 aui 
852 |a CVTISR  |b 1 
901 |a 4 Súborný katalóg (Slovensko)  |b 20190702095505  |d Default  |u z3950.snk.sk:1111  |i vtls000641112  |m 20190625142800.0 
910 |b A628004 
919 |a 978-80-973292-2-8 
959 |a 02 
974 |a katarina.repata  |f Knihy 
992 |a AMG 
999 |c 267831  |d 267831